000 00200nam a22000857a 4500
008 161217b xxu||||| |||| 00| 0 eng d
100 _92094
_aKashyap.A.
245 _aEnvironmental Studies-1
260 _c2009
999 _c4974
_d4974